| 000 | 00722nam a2200193 u 4500 | ||
|---|---|---|---|
| 001 | 000472291 | ||
| 003 | AM-YeHGA | ||
| 005 | 20250618072538.0 | ||
| 008 | 060126s1965 ||||||||||||||||||||rus d | ||
| 040 | _aAM-YeHGA | ||
| 041 | 0 | _arus | |
| 100 | 1 | _aКамянский, Василий Кириллович. | |
| 245 | 1 | 0 |
_aПоловецкое поле : _bИсторические рассказы / _cВ.К. Камянский; Худож. Ю. Бажанов. |
| 260 |
_aМосква : _bМосковский рабочий, _c1965. |
||
| 300 |
_a94 с. : _bил. ; _c17 см. |
||
| 650 | 1 | 4 |
_aХудожественная литература _94918 |
| 700 | 1 |
_aБажанов, Ю. _eхудож. _4art |
|
| 090 | _c174196 | ||
| 999 |
_c172757 _d172757 |
||